<?xml version="1.0" encoding="UTF-8"?>
<record
    xmlns:xsi="http://www.w3.org/2001/XMLSchema-instance"
    xsi:schemaLocation="http://www.loc.gov/MARC21/slim http://www.loc.gov/standards/marcxml/schema/MARC21slim.xsd"
    xmlns="http://www.loc.gov/MARC21/slim">

  <leader>01813nab a22002777a 4500</leader>
  <datafield tag="999" ind1=" " ind2=" ">
    <subfield code="c">5383</subfield>
    <subfield code="d">5383</subfield>
  </datafield>
  <controlfield tag="003">OSt</controlfield>
  <controlfield tag="005">20250307100454.0</controlfield>
  <controlfield tag="008">190603e        xxum|||| |||| 00| 0 spa d</controlfield>
  <datafield tag="040" ind1=" " ind2=" ">
    <subfield code="c">PJ</subfield>
  </datafield>
  <datafield tag="100" ind1=" " ind2=" ">
    <subfield code="9">6415</subfield>
    <subfield code="a">Danuzzo, Ricardo Sebasti&#xE1;n</subfield>
  </datafield>
  <datafield tag="245" ind1="1" ind2="0">
    <subfield code="a">Mecanismos de actualizaci&#xF3;n en los contratos de consumo /</subfield>
    <subfield code="c">Ricardo Sebastian Danuzzo.</subfield>
  </datafield>
  <datafield tag="260" ind1=" " ind2=" ">
    <subfield code="c">Ciudad Aut&#xF3;noma de Buenos Aires :</subfield>
    <subfield code="a">Thomson Reuters La Ley, </subfield>
    <subfield code="b">2024.</subfield>
  </datafield>
  <datafield tag="300" ind1=" " ind2=" ">
    <subfield code="a">p. 45-48</subfield>
  </datafield>
  <datafield tag="500" ind1=" " ind2=" ">
    <subfield code="a">Cita Online: TR LALEY AR/DOC/1173/2024.
</subfield>
  </datafield>
  <datafield tag="505" ind1=" " ind2=" ">
    <subfield code="a">Sumario: I. Introducci&#xF3;n.&#x2014; II. Evoluci&#xF3;n.&#x2014; III. La caracterizaci&#xF3;n de consumidor en el r&#xE9;gimen de la ley 24.240 de Defensa del Consumidor.&#x2014; IV. La renegociaci&#xF3;n contractual como herramienta eficaz para la soluci&#xF3;n de los desequilibrios en el marco de los contratos.&#x2014; V. La renegociaci&#xF3;n contractual es un principio general del derecho que posibilita su aplicaci&#xF3;n a otros supuestos.&#x2014; VI. Su operatividad y contenido conforme a las distintas estructuras contractuales.&#x2014; VII. Los contratos de negociaci&#xF3;n individual o paritarios.&#x2014; VIII. El anatocismo como cl&#xE1;usula abusiva.&#x2014; IX. Los mecanismos de actualizaci&#xF3;n de cr&#xE9;ditos de consumo.&#x2014; X. La tasa de inter&#xE9;s aplicable a los cr&#xE9;ditos de consumo.&#x2014; XI. Conclusiones.
</subfield>
  </datafield>
  <datafield tag="505" ind1=" " ind2=" ">
    <subfield code="t">&#xBF;Te interesa el texto completo? Solicitalo al correo: koha@justierradelfuego.gov.ar
</subfield>
  </datafield>
  <datafield tag="650" ind1=" " ind2="0">
    <subfield code="9">2597</subfield>
    <subfield code="a">DEFENSA DEL CONSUMIDOR</subfield>
  </datafield>
  <datafield tag="650" ind1=" " ind2="0">
    <subfield code="9">5417</subfield>
    <subfield code="a">CONTRATOS DE CONSUMO</subfield>
  </datafield>
  <datafield tag="650" ind1=" " ind2="0">
    <subfield code="9">2436</subfield>
    <subfield code="a">TASA DE JUSTICIA</subfield>
  </datafield>
  <datafield tag="650" ind1=" " ind2="0">
    <subfield code="9">3790</subfield>
    <subfield code="a">ACTUALIZACI&#xD3;N MONETARIA</subfield>
  </datafield>
  <datafield tag="650" ind1=" " ind2="0">
    <subfield code="9">6365</subfield>
    <subfield code="a">ANATOCISMO</subfield>
  </datafield>
  <datafield tag="650" ind1=" " ind2="0">
    <subfield code="9">1606</subfield>
    <subfield code="a">CONTRATO DE ADHESION</subfield>
  </datafield>
  <datafield tag="650" ind1=" " ind2="0">
    <subfield code="9">4601</subfield>
    <subfield code="a">INFLACI&#xD3;N</subfield>
  </datafield>
  <datafield tag="773" ind1="0" ind2=" ">
    <subfield code="0">2713</subfield>
    <subfield code="9">3170</subfield>
    <subfield code="d">Ciudad Aut&#xF3;noma de Buenos Aires : Thomson Reuters La Ley, 2015-</subfield>
    <subfield code="t">Revista C&#xF3;digo Civil y Comercial. N&#xBA; 3 - Junio 2024</subfield>
  </datafield>
  <datafield tag="942" ind1=" " ind2=" ">
    <subfield code="2">udc</subfield>
    <subfield code="c">ANA</subfield>
  </datafield>
</record>
